000 00818nam a2200241 a 4500
008
020 _a0137304099 (pbk.)
049 _aMAIN
090 _aQA76.7
_bGOR
100 1 _aGordon, Michael J. C.
245 1 0 _aProgramming language theory and its implementation :
_bapplicative and imperative paradigms /
_cMichael J.C. Gordon.
260 _aNew York :
_bPrentice-Hall,
_c1988.
300 _axiv, 255 p. ;
_c24 cm.
440 0 _aPrentice Hall international series in computer science.
504 _aIncludes bibliographical references.
500 _aIncludes index.
650 0 _aProgramming languages (Electronic computers).
907 _a.b1003366x
_b16-08-11
_c17-04-03
003
005 20230123133155.0
040 _cNUST
942 _cBOOKS
_kQA76.7
_mGOR
999 _c143996
_d143996